书目信息 |
| 题名: |
生命科学
|
|
| 作者: | 王文清 著 | |
| 分册: | ||
| 出版信息: | 北京 北京工业大学出版社 2001.01 |
|
| 页数: | 11, 302页 | |
| 开本: | 20cm | |
| 丛书名: | ||
| 单 册: | ||
| 中图分类: | Q1-0 | |
| 科图分类: | ||
| 主题词: | 生命科学--sheng ming ke xue--研究 | |
| 电子资源: | ||
| ISBN: | 7-5639-0715-7 | |
| 000 | 00794nam0 2200217 450 | |
| 001 | 012006565556 | |
| 005 | 20070611104222.84 | |
| 010 | @a7-5639-0715-7@dCNY20.00 | |
| 100 | @a20061215d2001 km y0chiy0120 ea | |
| 101 | 0 | @achi |
| 102 | @aCN@b110000 | |
| 105 | @aac z 000yy | |
| 200 | 1 | @a生命科学@Asheng ming ke xue@f王文清著@Fwang wen qing zhu |
| 210 | @a北京@c北京工业大学出版社@d2001.01 | |
| 215 | @a11, 302页@c图, 肖像@d20cm | |
| 330 | @a本书是研究生命科学的学术著作。书的内容分两部分,第一部分讲述生命起源与化学进化的最新发展与成果,突出介绍了作者在“生命起源中关于对称性破缺”这一宇宙之谜中的一系列理论观点和实验方法。 | |
| 606 | 0 | @a生命科学@Asheng ming ke xue@x研究 |
| 690 | @aQ1-0@v4 | |
| 701 | 0 | @a王文清@Awang wen qing@4著 |
| 801 | 0 | @aCN@c20070611 |
| 905 | @a10447@dQ1-0@eW375 | |
| 生命科学/王文清著.-北京:北京工业大学出版社,2001.01 |
| 11, 302页:图, 肖像;20cm |
| ISBN 7-5639-0715-7:CNY20.00 |
| 本书是研究生命科学的学术著作。书的内容分两部分,第一部分讲述生命起源与化学进化的最新发展与成果,突出介绍了作者在“生命起源中关于对称性破缺”这一宇宙之谜中的一系列理论观点和实验方法。 |
| ● |
| 相关链接 |
|
|
|
正题名:生命科学
索取号:Q1-0/W375
 
预约/预借
| 序号 | 登录号 | 条形码 | 馆藏地/架位号 | 状态 | 备注 |
| 1 | 232049 | 202320498 | 自科库401/401自科库 24排4列2层/ [索取号:Q1-0/W375] | 在馆 | |
| 2 | 232050 | 202320504 | 自科库401/401自科库 24排4列2层/ [索取号:Q1-0/W375] | 在馆 | |
| 3 | 232051 | 202320513 | 自科库401/401自科库 24排4列2层/ [索取号:Q1-0/W375] | 在馆 |